Statistics for Cities in Minnesota with 4 Year Colleges

Click here to take the quiz!

General Stats

  • This quiz has been taken 90 times
  • The average score is 10 of 12

Answer Stats

SchoolCity% Correct
UMMinneapolis
100%
UMDDuluth
99%
Metro StateSt. Paul
97%
UMRRochester
92%
MNSUMankato
85%
SCSUSt. Cloud
85%
WSUWinona
77%
BSUBemidji
73%
UMMMorris
72%
MSUMMoorhead
70%
UMCCrookston
59%
SMSUMarshall
52%

Score Distribution

Percentile by Number Answered

Percent of People with Each Score

Your Score History

You have not taken this quiz